[Event "Finland Team Ch 2013-2014"]
[Site "Helsinki FIN"]
[Date "2014.01.11"]
[Round "4"]
[White "Varjokallio, Matti"]
[Black "Vehanen, Pekka"]
[Result "1-0"]
[Section "III Division:5"]
[Board "3"]
[WhiteTeam "Lauttasaaren Shakkikerho 3"]
[BlackTeam "Kirkkonummen Shakkikerho"]
[WhiteElo "1666"]
[BlackElo "1643"]

1.b3 Nf6 2.Bb2 e6 3.c4 c6 4.Nf3 Be7 5.e3 O-O 6.Be2 Na6 7.O-O Nc7 8.d4
d5 9.Nbd2 b6 10.Ne5 Bb7 11.cxd5 Ncxd5 12.Rc1 Rc8 13.Qc2 g6 (13...c5)
14.Qb1 Kg7 15.Rfd1 Nd7 16.Ndc4 (16.e4 Nf4 17.Bf1) Nb8 17.Bg4 f5 18.Be2
Bf6 19.Ba3 Be7 20.Bxe7 Qxe7 21.Nd2 Qe8 22.b4 Rc7 23.Ndc4 Qe7 24.a3
Rfc8 25.Qb2 Nf6 26.Bf3 Nd5 27.h4 Nd7 28.g3 N7f6 29.Kg2 Ba8 30.Qd2 c5
31.dxc5 bxc5 32.b5 Ne4 33.Bxe4 fxe4 34.h5 g5 35.Ng4 h6 36.Qb2+ Nf6
37.Rd2 (37.b6 axb6 38.Nxb6 Rf8 39.Nxf6 Qxf6 40.Qxf6+ Kxf6 41.Nd7+) Bd5
38.a4 (38.Nd6 Qf8 39.Qe5 Rf7 40.Nxf7 Qxf7 41.Rc4 Rf8 42.Rxc5) Rf8
39.Nce5 (39.a5) Qd8 40.Nxf6 Qxf6 41.a5 c4 42.Qc3 Rb8 43.Rb2 Rcb7
44.Qd4 Kg8 45.a6 $6 (45.Rcb1) Rc7 (45...Rxb5) 46.Nc6 Qxd4 47.Nxd4 c3
48.Rbc2 Rbc8 49.Nc6 Kf7 50.Rxc3 Kf6 51.g4 e5 $2 52.Rc5 (52.Ne7)
(52.Nb4) Bxc6 53.Rxc6+ Rxc6 54.Rxc6+ Rxc6 55.bxc6 Ke7 56.f4 exf3+
57.Kxf3 Kd6 58.Ke4 Kxc6 59.Kxe5 Kb6 60.Kd6 Kxa6 61.e4 Kb7 62.e5 a5
63.e6 a4 64.e7 a3 65.e8=Q 1-0

[Event "Finland Team Ch 2013-2014"]
[Site "Järvenpää FIN"]
[Date "2014.02.08"]
[Round "5"]
[White "Kauppala, Pekka"]
[Black "Asomäki, Pekka"]
[Result "1-0"]
[Section "II Division:2"]
[Board "1"]
[WhiteTeam "Lauttasaaren Shakkikerho"]
[BlackTeam "Järvenpään Shakkikerho"]
[WhiteElo "2105"]
[BlackElo "2136"]

1.e4 e5 2.Nf3 Nc6 3.c3 d5 4.Bb5 dxe4 5.Nxe5 Qd5 6.Qa4 Qxe5? (6...Ne7)
7.Bxc6+ bxc6 8.Qxc6+ Kd8 9.Qxa8 Nf6 10.Na3 Ng4 11.Nc4 Qf5 12.Qxa7 c5
13.Qb6+ Kd7 14.Rf1 (14.O-O!) Ne5 15.Nxe5+ Qxe5 16.d4 exd3+ 17.Be3 Qh5
18.Qb5+ Ke6 19.Qxd3 Bb7 20.Rd1 Bd5 21.f4 1-0

[Event "Finland Team Ch 2013-2014"]
[Site "Järvenpää FIN"]
[Date "2014.02.08"]
[Round "5"]
[White "Krook, Pasi"]
[Black "Heikkinen, Jyrki"]
[Result "1-0"]
[Section "II Division:2"]
[Board "2"]
[WhiteTeam "Järvenpään Shakkikerho"]
[BlackTeam "Lauttasaaren Shakkikerho"]
[WhiteElo "1905"]
[BlackElo "2066"]

1.e4 d5 2.exd5 Nf6 3.d4 Bg4 4.Bb5+ Nbd7 5.Nf3 a6 6.Be2 Nxd5 7.c4 N5f6
8.Nc3 e6 9.h3 Bh5 10.Bg5 Be7 11.O-O O-O 12.Ne5 Bxe2 13.Qxe2 c6 14.Rad1
Nb6 15.Rd3 Ne4? 16.Nxe4 Bxg5 17.Nxg5 Qxg5 18.Rb3 Qd8 19.c5 Nd5 20.Rxb7
Qc8 21.Rd7 f6?? 22.Qg4 g6 23.Qxe6+ Kh8 24.Nf7+ (24.Nxc6) Rxf7 25.Qxf7
Qg8 26.Re1 1-0

[Event "Finland Team Ch 2013-2014"]
[Site "Järvenpää FIN"]
[Date "2014.02.08"]
[Round "5"]
[White "Ertbjerg, Per"]
[Black "Turunen, Rauno"]
[Result "0-1"]
[Section "II Division:2"]
[Board "3"]
[WhiteTeam "Lauttasaaren Shakkikerho"]
[BlackTeam "Järvenpään Shakkikerho"]
[WhiteElo "2028"]
[BlackElo "1835"]

1.d4 Nf6 2.c4 d5 3.cxd5 Nxd5 4.e4 Nf6 5.Nc3 e6 6.Nf3 Be7 7.Be2 O-O
8.O-O c5 9.d5 exd5 10.exd5 (10.e5) Bd6 11.Bg5 Re8 12.Re1 Bg4 13.Qa4
Nbd7 14.h3 Bxf3 15.Bxf3 Qb6 16.Qc2 h6 17.Be3 Qb4 18.a3 Qh4 19.Nb5 Be5
20.d6 g5 21.Nc7 g4 22.hxg4 Bh2+ 23.Kf1 Ne5 24.Nxa8 Nxf3 25.gxf3 Bxd6
26.Qf5 (26.Rad1 {+-}) Re5 27.Qd3?? (27.Qc8+ {+/-}) Nd5 28.Qc4 b5 29.Qc1
Nf4 30.Kg1 Rxe3 (30...Rh5 31.gxh5 Qg5+) 31.Qxe3 Qh3 32.Qxf4 Bxf4
33.Rad1 Bh2+ 34.Kh1 Bg3+ 0-1

[Event "Finland Team Ch 2013-2014"]
[Site "Järvenpää FIN"]
[Date "2014.02.08"]
[Round "5"]
[White "Harju, Antero"]
[Black "Vesely, Petr"]
[Result "1/2-1/2"]
[Section "II Division:2"]
[Board "4"]
[WhiteTeam "Järvenpään Shakkikerho"]
[BlackTeam "Lauttasaaren Shakkikerho"]
[WhiteElo "1849"]
[BlackElo "2001"]

1.e4 d5 2.d4 dxe4 3.Nc3 Nf6 4.f3 Bf5 5.Bg5 Nbd7 6.Bc4 c6 7.a3 Nb6
8.Bb3 Nbd5 9.Qe2 Qa5 (9...Nxc3 10.bxc3 Qa5) 10.Bd2 Nxc3 11.Bxc3 Qc7
12.g4 exf3 13.Nxf3 Bxg4 (13...Nxg4 14.Nh4 Bd7) 14.Bxf7+ Kd8 15.O-O h5
16.Qe5 Bxf3 17.Rxf3 Ng4 18.Qe2 Qd6 19.Bxh5 Nf6 (19...Nxh2 20.Rf2 g6
21.Bb4 Qc7 22.Re1) 20.Bf7 g5 21.Qe5 Qxe5 22.dxe5 Ne4 23.Rd1+ Kc7
24.Be1 Rd8 25.Rxd8 Kxd8 26.b4 g4 27.Rd3+ Kc7 28.Be6 Rh5 29.Rd7+ Kb6
30.a4 Rxe5 31.a5+ Ka6 32.Bc4+ b5 33.axb6+ Kxb6 34.Bd3 Bh6 35.Bh4 Nf6
(35...Bg5 36.Bxg5 Nxg5 37.c4 c5 38.bxc5+ Rxc5 39.Rxe7 a5 40.Kf2 a4
41.Re8 Ra5 42.Bb1 a3 43.Kg3 a2 44.Bxa2 Rxa2 45.Kxg4 Rg2+ 46.Kf4 Nh3+
47.Kf3 Rg7) 36.Bxf6 exf6 37.c4 Be3+ 38.Kg2 c5 39.Rd6+ Kc7 40.bxc5 Rxc5
41.Rxf6 a5 42.Kg3 1/2-1/2

[Event "Finland Team Ch 2013-2014"]
[Site "Järvenpää FIN"]
[Date "2014.02.08"]
[Round "5"]
[White "Lindholm, Arto"]
[Black "Halme, Olavi"]
[Result "1-0"]
[Section "II Division:2"]
[Board "5"]
[WhiteTeam "Lauttasaaren Shakkikerho"]
[BlackTeam "Järvenpään Shakkikerho"]
[WhiteElo "1958"]
[BlackElo "1846"]

1.d4 Nf6 2.Bf4 d5 3.e3 e6 4.Bd3 c5 5.c3 Nc6 6.Nd2 c4 7.Bc2 Bd6 8.Bg3
O-O 9.Ngf3 Re8 10.Ne5 Bxe5 11.dxe5 Nd7 12.Nf3 Nf8 13.O-O Ng6 14.e4 Qa5
15.Qe2 Bd7 16.h4 dxe4 17.Qxe4 Qd5 18.Rfe1 (18.Qe2) Qxe4 19.Rxe4 Na5
20.Nd2 Rac8 21.Rd4 Rc7 22.Rd1 Nf8 23.f4 b5 24.Bf2 Nc6 25.Rd6 Ne7
26.Be4 Bc6 27.Bxc6 Nxc6 28.Ne4 Ng6 29.g3 Nge7 30.Rd7 Nd5?? 31.R1xd5
1-0

[Event "Finland Team Ch 2013-2014"]
[Site "Paimio FIN"]
[Date "2014.02.08"]
[Round "5"]
[White "Piippo, Mikko"]
[Black "Rautarinta, Pentti"]
[Result "1-0"]
[Section "III Division:6"]
[Board "3"]
[WhiteTeam "Lauttasaaren Shakkikerho 2"]
[BlackTeam "Paimion Shakkikerho"]
[WhiteElo "1817"]
[BlackElo "1779"]

1.d4 c5 2.Nf3 d5 3.e3 Bg4 4.h3 Bh5 5.g4 Bg6 6.Ne5 a6 7.Nxg6 hxg6 8.Bg2
e6 9.Nd2 cxd4 10.exd4 Nc6 11.Nf3 Be7 12.c3 Nf6 13.Qd3 Ne4 14.Bf4 f6
15.Bh2 b5 16.Nd2 f5 17.a3 Bh4 18.Nxe4 fxe4 19.Qe2 O-O 20.O-O Ra7 21.f4
Be7 22.g5 Bd6 23.h4 Raf7 24.Qg4 Rf5 25.Bh3 Qc7 26.Qe2 Rxf4 27.Bxe6 Kh8
28.Bxf4 Bxf4 29.Bxd5 e3 30.Rf3 Ne7 31.Bb3 Nf5 32.Raf1 Bg3 33.Rxe3 Bxh4
34.Rxf5 Rxf5 35.Re8 Kh7 36.Rh8 1-0

[Event "Finland Team Ch 2013-2014"]
[Site "Helsinki FIN"]
[Date "2014.03.08"]
[Round "6"]
[White "Heikkinen, Jyrki"]
[Black "Hämäläinen, Jussi"]
[Result "0-1"]
[Section "II Division"]
[Stage "Qualifier"]
[Board "1"]
[WhiteTeam "Lauttasaaren Shakkikerho"]
[BlackTeam "Mikkelin Shakkikerho"]
[WhiteElo "2052"]
[BlackElo "2099"]

1.d4 d6 2.e4 Nf6 3.Nc3 g6 4.f4 Bg7 5.Nf3 c5 6.Bb5+ Bd7 7.Bxd7+ Nfxd7
8.d5 b5 9.O-O b4 10.Ne2 O-O 11.c4 bxc3 12.Nxc3 Qa5 13.Bd2 (13.e5 dxe5
14.Qe2 exf4 15.Qxe7) Na6 14.Na4 Qb5 15.Rb1 Qd3 16.Re1 Rab8 17.Qe2
(17.Re2) Qxe2 18.Rxe2 Nb4 19.a3 Nc2 20.Rc1 Nd4 21.Nxd4 Bxd4+ 22.Be3
Bg7 23.Rcc2 Rb3 24.Kf1 Nf6 25.Bd2 Rfb8 26.Bc3 Ng4 27.h3 Nf6 28.g4 Ne8
29.Bxg7 Kxg7 30.Nc3 Nc7 31.Kg2 Nb5 32.Nxb5 R8xb5 33.h4 Rd3 34.Rcd2
Rxd2 35.Rxd2 Rb3 36.e5 (36.Re2 a5 37.Rd2 Re3 38.e5 h5 39.g5 dxe5
40.fxe5 Rxe5 41.Kf3 {=/+}) a5 37.Kf2 Rh3 38.Rd1 Rh2+ 39.Kf3 Rxb2 40.Rd3
a4 41.Ke4 Re2+ 42.Kf3 Rh2 43.Ke4 Rxh4 44.Rc3 Rxg4 45.Kf3 Rg1 46.Rc4
Rd1 47.exd6 exd6 48.Rxa4 Rxd5 49.Ke4 Rd1 50.Ra8 h5 51.a4 Rd4+ 52.Ke3
h4 53.a5 h3 54.Kf2 h2 55.Kg2 Rxf4 1-0

[Event "Finland Team Ch 2013-2014"]
[Site "Helsinki FIN"]
[Date "2014.03.08"]
[Round "6"]
[White "Mynttinen, Henri"]
[Black "Vesely, Petr"]
[Result "1-0"]
[Section "II Division"]
[Stage "Qualifier"]
[Board "4"]
[WhiteTeam "Mikkelin Shakkikerho"]
[BlackTeam "Lauttasaaren Shakkikerho"]
[WhiteElo "2041"]
[BlackElo "1996"]

1.d4 c5 2.d5 e5 3.c4 d6 4.Nc3 f5 5.e4 Nf6 6.Bd3 f4 7.g3 fxg3 8.hxg3
Be7 9.Bg5 Nbd7 10.Qd2 Nxd5 11.exd5 Bxg5 12.Qe2 Nf6 13.Ne4 Bh6 14.Nh3
Bxh3 15.Rxh3 Qe7 16.Qf3 Nxe4 17.Bxe4 O-O-O 18.Qd3 Qg5 19.Bxh7 Rxh7
(19...Rdf8 20.Kf1 g6) 20.Qxh7 Qd2+ 21.Kf1 Rf8 22.Rh2 Qxb2 (22...Be3
23.f4 Qd4) 23.Re1 Qc3 24.Qe4 Qxg3 25.Rg2 Qc3 26.Rg4 Qh3+ 27.Qg2 Qd3+
28.Kg1 Qd2 29.Qf1 Kc7 (29...Qxa2 30.Ra1 Qb2) 30.Qe2 Rf4 31.Rxf4
(31.Rxg7+ Bxg7 32.Qxd2) Bxf4 (31...Qxf4 32.Qh5 Qxc4) 32.Qxd2 Bxd2
33.Rb1 a6 34.Kg2 Bb4 35.Kf3 b5 36.cxb5 axb5 37.Rg1 c4 38.Rb1 c3
39.Ke2 Bc5 (39...Ba5 40.Kd3 Kb6) 40.Rxb5 c2 41.Kd2 Bxf2 42.Kxc2 g5
43.Rb4 Bd4 44.Rc4+ Kb7 45.Rb4+ Ka6 46.Rb3 g4 47.Rg3 Kb5 48.Kd3 Kc5
49.Ke4 Kb4 50.Rxg4 Ka3 51.Rg2 Bc5 52.Rc2 Kb4 53.Kd3 Kb5 54.Rb2+ Ka4
55.Rb8 Ka3 56.Ra8+ Kb4 57.Re8 Bd4 58.Rc8 Kb5 1-0

[Event "Finland Team Ch 2013-2014"]
[Site "Helsinki FIN"]
[Date "2014.03.08"]
[Round "6"]
[White "Laaksovuori, Tommi"]
[Black "Piippo, Mikko"]
[Result "0-1"]
[Section "II Division"]
[Stage "Qualifier"]
[Board "8"]
[WhiteTeam "Mikkelin Shakkikerho"]
[BlackTeam "Lauttasaaren Shakkikerho"]
[WhiteElo "1783"]
[BlackElo "1824"]

1.e4 d5 2.exd5 Qxd5 3.Nc3 Qd6 4.Nf3 Nf6 5.d4 a6 6.Bd3 Nc6 7.Be3 Bg4 8.h3
Bh5 9.g4 Bg6 10.Bxg6 hxg6 11.g5 Nd7 12.Qd2 O-O-O 13.O-O-O Nb6 14.Qe2 e6
15.Kb1 Qb4 16.a3 Qa5 17.Na2 Na4 18.c4 Qf5 19.Ka1 Na5 20.Nb4 Bxb4 21.axb4
Nc6 22.b5 Nb4 23.Ne5 axb5 24.cxb5 f6 25.Qc4 Nc2 26.Ka2 Nb6 27.Qc3 Nxe3
28.Rc1 Ned5 29.Qc5 fxe5 30.dxe5 Qxe5 31.Rhe1 Qd6 32.Qa3 Qxa3 33.bxa3 Kd7
34.Rc5 Rxh3 35.Rec1 Ra8 36.f3 Rxf3 37.Kb2 Na4 38.Kb1 Nxc5 39.Rxc5 Rf2
40.b6 c6 0-1